00846cam a22002411 4500001001300000003000400013005001700017008004100034010001700075035002000092040005500112042001200167050002200179100003500201245004300236260004900279300001800328490008200346500001700428651003600445830004500481810007800526sd 48000053 DLC20260227112735.0860725s1948 dcu 000 0 eng c asd 48000053  a(OCoLC)13943345 aU.S. Dept. of State. LibrarycDGWdDGWdOCoLCdDLC apremarc00aHF1456 1948b.B731 aBrown, Winthrop Gilman,d1907-10aUnited States foreign economic policy. a[Washington,bU.S. Govt. Print. Off.,c1948] a11 p.c26 cm.1 a[U. S.] Dept. of State. Publicationv3097.aGeneral foreign policy series,v1 aCover title. 0aUnited StatesxEconomic policy. 0aDepartment of State publication ;v3097.1 aUnited States.bDepartment of State.tGeneral foreign policy series ;v1.